banner koha

Identificação de agentes e resposta aos tratamentos na cistite neurogênica em cães com lesão na coluna tóraco-lombar (Registro n. 213223)

MARC details
000 -LÍDER
campo de controle de tamanho fixo 01266nas a2200361 4500
001 - NÚMERO DE CONTROLE
campo de controle BR2011003059
003 - IDENTIFICADOR DO NÚMERO DE CONTROLE
campo de controle BR-BrBNA
005 - DATA E HORÁRIO DA ÚLTIMA TRANSAÇÃO
campo de controle 20231205115325.0
007 - CAMPO FIXO DE DESCRIÇÃO FÍSICA--INFORMAÇÃO GERAL
campo de controle de tamanho fixo ta
008 - CAMPO DE DADOS FIXOS--INFORMAÇÃO GERAL
campo de controle de tamanho fixo 230509b bl.|||p| |||| 00| 00por d
040 ## - FONTE DA CATALOGAÇÃO
Instituição da catalogação original BR-BrBNA
Idioma da catalogação por
Instituição que transcreveu o registro Biblioteca Nacional de Agricultura
041 ## - CÓDIGO DE IDIOMA
Código do idioma do texto/trilha sonora ou título diferente (Pt)
072 ## - CÓDIGO DE CATEGORIA DE ASSUNTO
Código de Categoria de Assunto L74
100 1# - ENTRADA PRINCIPAL--NOME PESSOAL
Nome pessoal Barcellos, H.H. de A.
100 1# - ENTRADA PRINCIPAL--NOME PESSOAL
Nome pessoal Rodrigues, L.B.
100 1# - ENTRADA PRINCIPAL--NOME PESSOAL
Nome pessoal Valle, S. de F.
100 1# - ENTRADA PRINCIPAL--NOME PESSOAL
Nome pessoal Santos, L.R. dos
100 1# - ENTRADA PRINCIPAL--NOME PESSOAL
Nome pessoal Brun, M.V.
100 1# - ENTRADA PRINCIPAL--NOME PESSOAL
Nome pessoal Tomazi, G.
100 1# - ENTRADA PRINCIPAL--NOME PESSOAL
Nome pessoal Ataíde, M.W. de
100 1# - ENTRADA PRINCIPAL--NOME PESSOAL
Nome pessoal Ferreira, K.C.
245 1# - TÍTULO
Título Identificação de agentes e resposta aos tratamentos na cistite neurogênica em cães com lesão na coluna tóraco-lombar
246 1# - FORMA VARIANTE DO TÍTULO
Título/título abreviado Identification of agents and response to the treatments in the neurogenic cystitis in dogs with injury in the thoraco-lumbar column
650 ## - ASSUNTO--TERMO TÓPICO
Cabeçalho tópico ou nome geográfico CISTITE
650 ## - ASSUNTO--TERMO TÓPICO
Cabeçalho tópico ou nome geográfico APARELHO URINÁRIO
650 ## - ASSUNTO--TERMO TÓPICO
Cabeçalho tópico ou nome geográfico BACTÉRIA
650 ## - ASSUNTO--TERMO TÓPICO
Cabeçalho tópico ou nome geográfico CÃO
650 ## - ASSUNTO--TERMO TÓPICO
Cabeçalho tópico ou nome geográfico LESÃO
650 ## - ASSUNTO--TERMO TÓPICO
Cabeçalho tópico ou nome geográfico ANTIBIÓTICO
773 0# - ENTRADA ANALÍTICA
Título MEDVEP. Revista Científica de Medicina Veterinária. Pequenos Animais e Animais de Estimação (Brazil)
ISSN - International Standard Serial Number ISSN 1676-1430
Partes relacionadas (Jul-Dec 2006), v. 4(13) p. 182-190
Número de controle do registro BR2011003059
909 ## -
-- 202311
-- Lúcia
-- 55
-- Lúcia Elande
942 ## - ELEMENTOS DE ENTRADA ADICIONADOS (KOHA)
Fonte da classificação ou esquema de arquivamento na estante Classificação AGRIS
Ocultar no OPAC Não
Tipo de material Koha Analítica
Exemplares
Situação do descarte Fonte da classificação ou esquema de arquivamento na estante Situação física Não pode ser emprestado Biblioteca de origem Biblioteca atual Localização na estante Enumeração do periódico / cronologia Total de empréstimos Data de último acesso Número do exemplar Tipo de material Koha Fonte de aquisição
  Classificação AGRIS   Consulta local Biblioteca Nacional de Agricultura - Binagri Biblioteca Nacional de Agricultura - Binagri   (Jul-Dec 2006), v. 4(13) p. 182-190   29/11/2023 01 Periódicos Portaria Interministerial nº 164/94

BINAGRI

Telefone: (61)3218-2567/2388/3357/2097 - binagri@agro.gov.br

Ministério da Agricultura e Pecuária , Esplanada dos Ministérios, Bloco D, Anexo B, Brasília/DF, CEP: 70.043-900